000 00991nmm a2200289 a 4500
001 ocm000786347
003 TR-IsHL
005 20201028152759.0
008 150709s2004 tu tur
007 cr cn
035 _a786347
_b(N$T)
050 0 4 _aKKX940.A3
_bB36 2004
090 0 4 _aKKX940.A3
_bB36 2004
245 1 0 _aBankalar kanunu ve ilişkili kanun değişikliklerinin hukuk açısından değerlendirilmesi
_h[electronic resource] /
_chaz. İstanbul Barosu
260 _aAnkara :
_bTürkiye Barolar Birliği,
_c2004
300 _a116 p.
650 4 _aHukuk
650 4 _aLaw
650 0 _aBankacılık hukuku
650 0 _aBanking Law
650 0 _aKanunlar, yasalar, yönetmelikler
_x Türkiye
650 0 _aLaws, legislation, regulations
_x Turkey
650 7 _aLAW / Banking
_2bisacsh
700 1 _aİstanbul Barosu
700 1 _aTürkiye Barolar Birliği
856 4 0 _uhttp://search.ebscohost.com/login.aspx?direct=true&scope=site&db=e011xww&AN=786347
999 _c11705
_d11705